000 00380 a2200145 4500
001 63484
040 _cAnchieta - Pituba
100 _aAZEVEDO, Shirley Bomfim
240 1 0 _a1ª Avaliação de Língua Portuguesa, III Unidade
_lpor
245 1 0 _a1ª Avaliação de Língua Portuguesa, III Unidade
300 _a10
362 0 _a2017
650 4 _aLíngua portuguesa
942 _cBK
999 _c63484
_d63484